Síntesis del magisterio del Papa Francisco en materia litúrgica.

Guardat en:
Dades bibliogràfiques
Altres autors: Guzmán Karadima, Gonzalo (Editor)
Format: Desconegut
Publicat: Barcelona, España: Centre de Pastoral Litúrgica, 2022.
Edició:Primera edición
Col·lecció:Cuadernos Phase
Matèries:
Etiquetes: Afegir etiqueta
Sense etiquetes, Sigues el primer a etiquetar aquest registre!

MARC

LEADER 00000 a2200000 4500
003 CL-VaPUC
005 20230920110742.0
008 221021t2022 ||||| |||| 00| 0 eng d
999 |c 438838  |d 438836 
020 |a 978-84-9165-500-8 
022 |a 1988-1738 
040 |c Pontificia Universidad Católica de Valparaíso 
082 |2 22  |a 264.025 GUZ 2022 
100 |a Guzmán Karadima, Gonzalo   |9 876801  |e editor 
245 |a Síntesis del magisterio del Papa Francisco en materia litúrgica. 
250 |a Primera edición 
260 |a Barcelona, España:  |b Centre de Pastoral Litúrgica,  |c 2022. 
300 |a 171 páginas. 
490 |a Cuadernos Phase   |n  266. 
583 |k GC  |c 20221021 
600 0 |a Francisco,  |c Papa   |x Pontificado, 2013-  |9 583180 
600 0 |a Francisco,  |c Papa   |x Pontificado, 2013-  |9 583180 
610 0 |9 481149  |a Concilio Vaticano II  |x Principios litúrgicos  
942 |2 ddc  |c BK 
952 |0 0  |1 0  |2 ddc  |4 0  |6 264_025000000000000_GUZ_2022  |7 0  |8 A  |9 587380  |a BIBTEO  |b BIBTEO  |c GEN  |d 2022-10-18  |e 3  |g 20739.00  |i 5655279  |o 264.025 GUZ 2022  |p 5655279  |r 2025-01-17  |t 1  |v 20739.00  |w 2022-10-18  |y BK  |k ICR